000 00512nam a22001937a 4500
003 OSt
005 20180116183105.0
008 170731b xxu||||| |||| 00| 0 eng d
020 _a9788131727645
040 _c0
082 _a658.3 ROB 2010
100 _aStephen P. Robbins
245 _aEssentials of Organizational Behavior
_cStephen P. Robbins
250 _a10th Ed.
260 _aIndia
_bPearson
_c2010
300 _a327p.
_bpb
440 _aEssentials of Organizational Behavior
942 _2ddc
_cBK
999 _c352037
_d352037